| 000 | 01272nam2a22002411 4500 | ||
|---|---|---|---|
| 001 | RU\NLR\INFOCOMM17\1000418733 | ||
| 005 | 20250617071311.0 | ||
| 035 | _a(NLR Aleph) 002544205 | ||
| 090 |
_a2961755 _c2961755 |
||
| 100 | _a20040518d1967 |||y0rusy50 ca | ||
| 101 | 0 | _arus | |
| 102 | _aRU | ||
| 105 | _ay ||||||||| | ||
| 200 | 1 | _aИсследования в области дорожного строительства г. Москвы | |
| 210 |
_d1967 _aБ. м. |
||
| 461 | 0 |
_1001RU\NLR\INFOCOMM17\1000418728 _12001#$aНаучные труды$fГлав. упр. по жилищному и гражд. строительству в г. Москве. Главмосстрой при Мосгорисполкоме. Науч.-исслед. ин-т по строительству НИИМосстрой$v[Вып.5] _92961729 _aНИИ Главмосстроя _cМ. _d1964 - 1969 _fГлав. упр. по жил. и гражд. стр-ву в г. Москве. Главмосстрой при Мосгорисполкоме. НИИ по стр-ву НИИМосстрой _tНаучные труды _v[Вып.5] |
|
| 801 | 1 |
_aRU _bInfoComm _c20040518 |
|
| 801 | 0 |
_aRU _bNLR _gPSBO |
|
| 852 |
_aNLR _jП10/2633 |
||
| 942 | _cISSUE | ||
| 980 | _aNB | ||
| 980 | _aRUSPER | ||